| 000 | 00884cab a2200241 4500 | ||
|---|---|---|---|
| 001 | WB3144-56 | ||
| 008 | 090401t1995 xxu||||| |||| 00| 0 eng d | ||
| 035 | _a(Sirsi) u35483 | ||
| 041 | _aeng | ||
| 245 | _aRequest for mining permission | ||
| 260 | _c1995 | ||
| 350 | _a0 | ||
| 490 |
_aEstates Gazette Case Summaries _v(1995) EGCS 174(1) ( 18/11/95) |
||
| 520 | _a"Springfield Minerals Ltd v SoS Wales and another" QBD 3 November 1995. On the basis of extrinsic evidence the appeal against the decision to register a smaller area than on the applicants` plan was allowed. The plan in question was an old mining permission. | ||
| 650 | _aEXTRINSIC EVIDENCE | ||
| 650 | _aMINING PERMISSION | ||
| 650 | _aPLANNING AND COMPENSATION ACT 1991 | ||
| 650 | _aQUARRIES | ||
| 650 | _aREGISTRATION | ||
| 690 | _aMINING AND MINERALS-CASE LAW | ||
| 942 | _n0 | ||
| 948 | _c04/03/1997 | ||
| 999 |
_c23223 _d23223 |
||